000 01176ngm a22003370a 4500
001 PT16555
003 AR-LpoUNG
005 20210202000215.0
007 vd cvaizq
008 191001s2001||||ag |||||||||||||||||spa d
037 _c$8.30
040 _aAR-LpoUNG
_bspa
_cAR-LpoUNG
_eaacr
041 _aspa
044 _aag
082 0 _a909 582V26
245 1 3 _aLa revolución tecnológica :
_bhacia el futuro
260 _aBuenos Aires :
_bKalender Video Argentina,
_c2001.
300 _aVHS (56 min.) : son., byn, col.
520 _aFueron varios los factores que contribuyeron a la globalización y a la caída de la Unión Soviética, a poco más de tres cuarto de siglo de haber surgido: políticos, sociales, económicos y étnicos. A partir de los cambios de en la URSS y los países del Este, el mundo mira hacia el Futuro.
650 4 _aCOMUNICACION
650 4 _aGLOBALIZACION
650 4 _aINDUSTRIA DE LAS TELECOMUNICACIONES
650 4 _aPOLITICOS
650 4 _aSOCIEDAD
650 4 _aTELECOMUNICACIONES
653 _aDOCUMENTALES
653 _aVIDEOS
710 2 _aMetropolitan Museum of Art (New York)
905 _a16555
942 _cVIDEO
999 _c54338
_d54338